000 00709nam a22002417a 4500
001 34656
003 UA-OsUOA
005 20210620232647.0
007 ta
008 20051018b un ||||| |||| 00| 0 ukr d
040 _aUA-OsUOA
_brus
_cUA-OsUOA
_dUA-OsUOA
041 _arus
080 _a94(084)
090 _a94(084)
_bГ60
100 _aГолинков Д. Л.
245 _aКрушение антисоветского подполья в СССР
260 _aМ.
_bПолитиздат
_c1980
300 _a308 с.
650 7 _a9 Географія. Біографії. Історія
_2UDC
942 _cBK
_2udc
955 _a1
999 _c321082
_d321082